Library Banner

Appeal Cases [A.C, 1985] (Record no. 115138)

MARC details
000 -LEADER
fixed length control field 00370nam a22001337a 4500
005 - DATE AND TIME OF LATEST TRANSACTION
control field 20220113155318.0
008 - FIXED-LENGTH DATA ELEMENTS--GENERAL INFORMATION
fixed length control field 191224b ||||| |||| 00| 0 eng d
040 ## - CATALOGING SOURCE
Transcribing agency PK-LaUMT
082 ## - DEWEY DECIMAL CLASSIFICATION NUMBER
Classification number 348.549104
Item number APP-
245 ## - TITLE STATEMENT
Title Appeal Cases [A.C, 1985]
Statement of responsibility, etc edited by M. Farani. . .[et al.]
260 ## - PUBLICATION, DISTRIBUTION, ETC. (IMPRINT)
Place of publication, distribution, etc Lahore:
Name of publisher, distributor, etc National Law Reporter,
Date of publication, distribution, etc 1985
300 ## - PHYSICAL DESCRIPTION
Extent 607 p.
942 ## - ADDED ENTRY ELEMENTS (KOHA)
Koha item type Law and Policy Journals
Holdings
Withdrawn status Lost status Damaged status Home library Current library Date acquired Full call number Barcode Date last seen Price effective from Koha item type
      UMT Main Campus UMT Main Campus 2019-12-24 348.549104 132725 2019-12-24 2019-12-24 Books